Disadvantaged life itineraries and the use of personal agency among italian early school leavers and at-risk students (Record no. 168575)

MARC details
000 -CABECERA
campo de control de longitud fija 00709nab a2200217 a 4500
005 - FECHA Y HORA DE LA ÚLTIMA TRANSACCIÓN
campo de control 20210219162034.0
008 - ELEMENTOS DE LONGITUD FIJA--INFORMACIÓN GENERAL
campo de control de longitud fija 991125s1985 mx 000 0 spa u
035 ## - NÚMERO DE CONTROL DEL SISTEMA
Número de control de sistema UPN01000196474
100 1# - ASIENTO PRINCIPAL--NOMBRE PERSONAL
Nombre de persona Colombo, Maddalena
100 1# - ASIENTO PRINCIPAL--NOMBRE PERSONAL
Filiación maddalena.colombo@unicatt.it
222 ## - TÍTULO CLAVE
Título clave ESTUDIOS SOBRE EDUCACION
245 ## - MENCIÓN DE TÍTULO
Título Disadvantaged life itineraries and the use of personal agency among italian early school leavers and at-risk students
260 ## - PUBLICACIÓN, DISTRIBUCIÓN, ETC.
Lugar de publicación, distribución, etc. Pamplona, España
300 ## - DESCRIPCIÓN FÍSICA
Extensión 9-35
362 0# - FECHAS DE PUBLICACIÓN Y/O DESIGNACIÓN SECUENCIAL
Fecha de publicación y/o designación secuencial 2013 Vol. 24, jun.
653 0# - TERMINO DE INDIZACION - NO CONTROLADO
Término no controlado DESERCION ESCOLAR
653 0# - TERMINO DE INDIZACION - NO CONTROLADO
Término no controlado JOVENES
653 0# - TERMINO DE INDIZACION - NO CONTROLADO
Término no controlado ITALIA
856 1# - LOCALIZACIÓN Y ACCESO ELECTRÓNICOS
Identificador Uniforme del Recurso <a href="http://dspace.unav.es/dspace/bitstream/10171/29572/2/COLOMBO%209-35.pdf">http://dspace.unav.es/dspace/bitstream/10171/29572/2/COLOMBO%209-35.pdf</a>
905 ## - TIPO DE MATERIAL
Tipo de material Articulo

No items available.